000 00689nam a2200289Ia 4500
005 20260324145548.0
008 008 260324s9999 xx 000 0 eng d
020 _a9780429284670
037 _aEBOOK
040 _aCRL
040 _beng
040 _cCRL
041 _2eng
041 _aeng
084 _qCRL
100 _aA S G Edwards; Derek Pearsall
_91223395
245 0 _aMiddle English Prose
245 0 _bEssays on Bibliographical Problems
260 _bTaylor and Francis
260 _c1981
365 _a
365 _b150
856 _uhttp://www.taylorfrancis.com/books/9780429284670
942 _cEBOOK
999 _c1831479
_d1831479